[Event "Titled Tue 27th May Early"]
[Site "chess.com INT"]
[Date "2025.05.27"]
[Round "2"]
[White "Alvarez Leon, Luis"]
[Black "Nan, M K Khine Hlyan"]
[Result "0-1"]
[WhiteTitle "FM"]
[BlackTitle "WFM"]
[WhiteElo "2178"]
[BlackElo "1984"]
[WhiteFideId "3600351"]
[BlackFideId "13002899"]
[EventDate "2025.05.27"]

1. Nf3 d5 2. d4 Nf6 3. c4 c6 4. Nc3 e6 5. Bg5 Be7 6. e3 Nbd7 7. cxd5 exd5 8. Bd3
O-O 9. Qc2 Re8 10. O-O-O b5 11. Kb1 b4 12. Ne2 a5 13. g4 Ne4 14. Bxe7 Qxe7 15.
Ng3 b3 16. axb3 Nd6 17. Qxc6 Rb8 18. Qxd5 Nf6 19. Qg5 Rxb3 20. Nh5 Nxh5 21.
Bxh7+ Kxh7 22. Qxh5+ Kg8 23. Ng5 Qf6 24. Qh7+ Kf8 25. Qh8+ Ke7 26. Nh7 Qg6+ 27.
e4 Rxh8 0-1

[Event "Titled Tue 27th May Early"]
[Site "chess.com INT"]
[Date "2025.05.27"]
[Round "2"]
[White "Antonio, Jorge Carlos"]
[Black "Turcsanyi, Vince Gergo"]
[Result "0-1"]
[WhiteTitle "FM"]
[BlackTitle "FM"]
[WhiteElo "2277"]
[BlackElo "2321"]
[WhiteFideId "113190"]
[BlackFideId "791784"]
[EventDate "2025.05.27"]

1. d4 Nf6 2. Nf3 c5 3. e3 e6 4. c3 b6 5. Be2 Bb7 6. O-O Be7 7. Nbd2 O-O 8. b3
Nc6 9. Bb2 d5 10. c4 cxd4 11. Nxd4 Nxd4 12. Bxd4 Nd7 13. cxd5 Bxd5 14. Bf3 Bxf3
15. Nxf3 Bf6 16. Bxf6 Nxf6 17. Qxd8 Rfxd8 18. Rfd1 Rxd1+ 19. Rxd1 Rc8 20. h3 Kf8
21. Kf1 Ke7 22. Ke2 Ne4 23. Nd2 Nc3+ 24. Ke1 Nxd1 25. Kxd1 Kd6 26. Nc4+ Rxc4 27.
bxc4 Kc5 28. Kd2 Kxc4 29. Kc2 e5 30. f3 f5 31. g4 e4 32. f4 g6 33. g5 b5 34. a3
a5 35. h4 b4 36. axb4 axb4 37. Kb2 Kd3 0-1

[Event "Titled Tue 27th May Early"]
[Site "chess.com INT"]
[Date "2025.05.27"]
[Round "2"]
[White "Cardozo Munar, Carlos Eduardo"]
[Black "Sadubayev, Airat"]
[Result "0-1"]
[WhiteTitle "FM"]
[BlackTitle "FM"]
[WhiteElo "2052"]
[BlackElo "2211"]
[WhiteFideId "4409477"]
[BlackFideId "13713264"]
[EventDate "2025.05.27"]

1. d4 d5 2. Nf3 Nf6 3. Bg5 e6 4. Nbd2 Nbd7 5. e4 h6 6. Bxf6 Nxf6 7. e5 Ne4 8.
Bd3 Nxd2 9. Qxd2 c5 10. c3 Qb6 11. O-O Be7 12. a3 Bd7 13. Rac1 Bb5 14. c4 Bxc4
15. Bxc4 dxc4 16. Rxc4 Rd8 17. Rd1 O-O 18. h3 Rd5 19. b4 cxb4 20. axb4 Rfd8 21.
Qb2 Rb5 22. Rb1 a5 23. Qc2 Rxb4 24. Rc8 Rxb1+ 0-1

[Event "Titled Tue 27th May Early"]
[Site "chess.com INT"]
[Date "2025.05.27"]
[Round "2"]
[White "Sathvik Adiga"]
[Black "Pavlidou, Ekaterini"]
[Result "1-0"]
[WhiteTitle "IM"]
[BlackTitle "WIM"]
[WhiteElo "2341"]
[BlackElo "2198"]
[WhiteFideId "25745700"]
[BlackFideId "4213262"]
[EventDate "2025.05.27"]

1. e4 c5 2. Nf3 Nc6 3. d4 cxd4 4. Nxd4 e5 5. Nb5 d6 6. N1c3 a6 7. Na3 Be6 8. Nc4
b5 9. Ne3 g6 10. a4 b4 11. Ncd5 Bh6 12. Nc4 Bxc1 13. Rxc1 Rb8 14. Nde3 Ke7 15.
Bd3 Nf6 16. O-O Kf8 17. f4 exf4 18. Rxf4 Nh5 19. Rf2 Ne5 20. Be2 Nxc4 21. Nxc4
Bxc4 22. Bxc4 Rb7 23. Qd5 Qb6 24. a5 Qc5 25. Qxb7 Qxc4 26. Rcf1 Kg7 27. Qxf7+
Qxf7 28. Rxf7+ Kh6 29. Rf8 1-0

[Event "Titled Tue 27th May Early"]
[Site "chess.com INT"]
[Date "2025.05.27"]
[Round "2"]
[White "Kriti, Mayur Patel"]
[Black "Hiwale, Ronak"]
[Result "0-1"]
[WhiteTitle "WCM"]
[WhiteElo "1695"]
[BlackElo "2105"]
[WhiteFideId "35061780"]
[BlackFideId "30975336"]
[EventDate "2025.05.27"]

1. d4 Nf6 2. Bf4 g6 3. Nc3 d5 4. e3 Bg7 5. Nf3 O-O 6. Bd3 c5 7. dxc5 Nbd7 8. Nb5
Nxc5 9. Nc7 Rb8 10. Nxd5 Nxd5 11. Bxb8 Nxd3+ 12. Qxd3 Bf5 13. e4 Qxb8 14. exf5
Nf4 15. Qf1 Bxb2 16. Rb1 Bc3+ 17. Nd2 Rd8 18. g3 Qe5+ 19. Kd1 Rxd2+ 20. Kc1 Ne2+ 0-1

[Event "Titled Tue 27th May Early"]
[Site "chess.com INT"]
[Date "2025.05.27"]
[Round "2"]
[White "Nguyen, Ngoc Truong Son"]
[Black "Bozorov, Javohir"]
[Result "1-0"]
[WhiteTitle "GM"]
[BlackTitle "FM"]
[WhiteElo "2632"]
[BlackElo "2093"]
[WhiteFideId "12401110"]
[BlackFideId "14216957"]
[EventDate "2025.05.27"]

1. e4 c5 2. Nf3 d6 3. c3 Nf6 4. Bb5+ Bd7 5. Qe2 Bxb5 6. Qxb5+ Qd7 7. Qe2 Nc6 8.
O-O e6 9. d4 cxd4 10. cxd4 d5 11. e5 Ne4 12. Be3 Be7 13. Ne1 f5 14. Nd3 O-O 15.
f3 Ng5 16. Nd2 Rac8 17. Rac1 Nf7 18. Nb3 b6 19. Rc2 Nb4 20. Nxb4 Bxb4 21. Rfc1
Rxc2 22. Qxc2 a5 23. a3 Be7 24. Qc6 Rd8 25. Qxb6 Rc8 26. Nxa5 Rxc1+ 27. Bxc1 Bd8
28. Qc6 Qa7 29. Qe8# 1-0

[Event "Titled Tue 27th May Early"]
[Site "chess.com INT"]
[Date "2025.05.27"]
[Round "2"]
[White "Liu, Zhaoqi"]
[Black "Bakhmatsky, Vladislav"]
[Result "0-1"]
[WhiteTitle "IM"]
[BlackTitle "IM"]
[WhiteElo "2400"]
[BlackElo "2433"]
[WhiteFideId "8609381"]
[BlackFideId "14124890"]
[EventDate "2025.05.27"]

1. c4 a6 2. Nc3 c6 3. Nf3 b5 4. cxb5 axb5 5. g3 b4 6. Bg2 bxc3 7. dxc3 Nf6 8.
O-O g6 9. Bg5 Bg7 10. Re1 O-O 11. e4 d6 12. Qd2 Bg4 13. Bh6 Bxf3 14. Bxg7 Kxg7
15. Bxf3 Nbd7 16. h4 h5 17. Bg2 Qb6 18. b3 Ra3 19. c4 Rfa8 20. Bh3 Ne5 21. Kg2
Qa5 22. Qd4 c5 23. Qe3 Rxa2 24. Rxa2 Qxa2 25. Kg1 Rb8 0-1

[Event "Titled Tue 27th May Early"]
[Site "chess.com INT"]
[Date "2025.05.27"]
[Round "2"]
[White "Bortnyk, Olexandr"]
[Black "Puzyrevsky, Semyon"]
[Result "1-0"]
[WhiteTitle "GM"]
[BlackTitle "FM"]
[WhiteElo "2601"]
[BlackElo "2253"]
[WhiteFideId "14120828"]
[BlackFideId "24240931"]
[EventDate "2025.05.27"]

1. e4 c5 2. Nf3 d6 3. Bb5+ Bd7 4. a4 Nf6 5. Nc3 Nc6 6. O-O g6 7. Re1 Bg7 8. e5
Nxe5 9. Nxe5 dxe5 10. Rxe5 Qc7 11. Bxd7+ Nxd7 12. Rxe7+ Kf8 13. Qf3 f5 14. d4
cxd4 15. Nb5 Qd8 16. Bg5 Nf6 17. Rxb7 Rc8 18. Qa3+ Kg8 19. Qb3+ Qd5 20. Rxg7+ 1-0

[Event "Titled Tue 27th May Early"]
[Site "chess.com INT"]
[Date "2025.05.27"]
[Round "2"]
[White "Injac, Teodora"]
[Black "Demchenko, Yaroslav"]
[Result "1-0"]
[WhiteTitle "IM"]
[BlackTitle "CM"]
[WhiteElo "2474"]
[BlackElo "2286"]
[WhiteFideId "932400"]
[BlackFideId "14186667"]
[EventDate "2025.05.27"]

1. d4 e6 2. Nf3 d5 3. Bf4 Bd6 4. e3 Nf6 5. Ne5 O-O 6. Nd2 c5 7. c3 b6 8. h4 Bb7
9. Bd3 Ne4 10. h5 f6 11. Nef3 e5 12. Nxe4 exf4 13. Nxd6 Qxd6 14. Qc2 fxe3 15.
Bxh7+ Kh8 16. O-O-O exf2 17. Bg6 Ba6 18. Qxf2 Nd7 19. h6 Qf4+ 20. Kb1 gxh6 21.
Rh4 Qd6 22. Qe3 1-0

[Event "Titled Tue 27th May Early"]
[Site "chess.com INT"]
[Date "2025.05.27"]
[Round "2"]
[White "Robert, Yoann"]
[Black "Szpar, Milosz"]
[Result "0-1"]
[WhiteTitle "CM"]
[BlackTitle "IM"]
[WhiteElo "2198"]
[BlackElo "2475"]
[WhiteFideId "36018805"]
[BlackFideId "1184989"]
[EventDate "2025.05.27"]

1. d4 Nf6 2. Nc3 d5 3. Bf4 a6 4. e3 h6 5. h4 c5 6. Nf3 Bg4 7. Be2 Bxf3 8. Bxf3
e6 9. g4 cxd4 10. exd4 Qb6 11. Na4 Qa5+ 12. c3 Nc6 13. b4 Qd8 14. Qe2 Bd6 15.
Bxd6 Qxd6 16. Nc5 b6 17. Nd3 Nd7 18. Kf1 Ne7 19. Kg2 a5 20. Rab1 Rc8 21. bxa5
bxa5 22. Qd2 Nb6 23. Nc5 Ng6 24. Rhe1 Nxh4+ 0-1

[Event "Titled Tue 27th May Early"]
[Site "chess.com INT"]
[Date "2025.05.27"]
[Round "2"]
[White "Patel, Riddhi R"]
[Black "Ambrogi, Agustin"]
[Result "1-0"]
[WhiteTitle "WCM"]
[BlackTitle "FM"]
[WhiteElo "1767"]
[BlackElo "2237"]
[WhiteFideId "46699074"]
[BlackFideId "170933"]
[EventDate "2025.05.27"]

1. e4 d5 2. exd5 Qxd5 3. Nc3 Qa5 4. d4 Nf6 5. Bd3 Nc6 6. Ne2 Qh5 7. Be3 Bg4 8.
Qd2 O-O-O 9. f3 Bd7 10. O-O-O Qa5 11. Kb1 e5 12. dxe5 Nxe5 13. Nd4 Bb4 14. Nb3
Bxc3 15. bxc3 Qa3 16. Bc5 Qa4 17. Qf2 Nxd3 18. Rxd3 Bf5 19. Rxd8+ Rxd8 20. Bxa7
b6 21. Bxb6 cxb6 22. Qxb6 Rd7 23. Qc5+ Kb8 24. Qxf5 Rc7 25. Qe5 Qc4 26. Kb2 Nd5
27. Rd1 Nxc3 28. Rd8+ Ka7 29. Qa5+ Kb7 30. Qa8+ Kb6 31. Rb8+ 1-0

[Event "Titled Tue 27th May Early"]
[Site "chess.com INT"]
[Date "2025.05.27"]
[Round "2"]
[White "Grzesik, Gracjan"]
[Black "Rustamov, Rustam"]
[Result "0-1"]
[WhiteTitle "CM"]
[BlackTitle "FM"]
[WhiteElo "2175"]
[BlackElo "2323"]
[WhiteFideId "1194593"]
[BlackFideId "13440110"]
[EventDate "2025.05.27"]

1. c4 Nf6 2. Nc3 d5 3. d4 e6 4. cxd5 exd5 5. Bg5 Bb4 6. e3 h6 7. Bh4 g5 8. Bg3
Ne4 9. Rc1 h5 10. Qa4+ Nc6 11. Bb5 Bxc3+ 12. bxc3 Bd7 13. f3 Nxg3 14. hxg3 a6
15. Bxc6 Bxc6 16. Qc2 Qe7 17. Kf2 O-O-O 18. c4 Rde8 19. Re1 dxc4 20. Qxc4 Kb8
21. Nh3 h4 22. gxh4 Rxh4 23. Nf4 Rxh1 0-1

[Event "Titled Tue 27th May Early"]
[Site "chess.com INT"]
[Date "2025.05.27"]
[Round "2"]
[White "Aakash, G"]
[Black "Klukin, Kirill"]
[Result "1-0"]
[WhiteTitle "FM"]
[BlackTitle "IM"]
[WhiteElo "2114"]
[BlackElo "2407"]
[WhiteFideId "25644394"]
[BlackFideId "24199273"]
[EventDate "2025.05.27"]

1. b3 Nf6 2. Bb2 e6 3. g3 d5 4. Bg2 Be7 5. c4 O-O 6. Nf3 b6 7. O-O Bb7 8. d3 c5
9. Nbd2 Nc6 10. Qc2 Qc7 11. Rad1 d4 12. e4 dxe3 13. fxe3 Nb4 14. Qb1 Rad8 15. d4
Ng4 16. a3 Nc6 17. d5 exd5 18. cxd5 Nce5 19. Nxe5 Nxe5 20. Nc4 Nxc4 21. bxc4 Bd6
22. Qf5 Bc8 23. Qg5 f5 24. e4 Be5 25. d6 Bxd6 26. exf5 h6 27. Bd5+ 1-0

[Event "Titled Tue 27th May Early"]
[Site "chess.com INT"]
[Date "2025.05.27"]
[Round "2"]
[White "Montiel, Angel Nathanael"]
[Black "Guerra Tulcan, Lenin"]
[Result "0-1"]
[WhiteTitle "CM"]
[BlackTitle "IM"]
[WhiteElo "2011"]
[BlackElo "2310"]
[WhiteFideId "3706923"]
[BlackFideId "3601382"]
[EventDate "2025.05.27"]

1. d4 Nf6 2. Bf4 c5 3. c3 e6 4. e3 b6 5. Nf3 Bb7 6. Nbd2 cxd4 7. exd4 d6 8. Bd3
Nbd7 9. O-O Be7 10. h3 O-O 11. a4 a6 12. Re1 Re8 13. Bh2 Nf8 14. Ne4 Nxe4 15.
Bxe4 Bxe4 16. Rxe4 Rc8 17. Qd3 Ra8 18. Rae1 Qd7 19. b3 Rec8 20. Rg4 b5 21. axb5
axb5 22. h4 Ra3 23. h5 Rxb3 24. Qe3 Kh8 25. Qf4 f5 26. Rg3 Bf6 27. h6 g6 28. Rh3
Rbxc3 29. Qxd6 Qxd6 30. Bxd6 Rc1 31. Bc5 Rxe1+ 32. Nxe1 Nd7 33. Nd3 Kg8 34. Re3
Kf7 35. Re2 g5 36. Rb2 Nxc5 37. dxc5 Bxb2 0-1

[Event "Titled Tue 27th May Early"]
[Site "chess.com INT"]
[Date "2025.05.27"]
[Round "2"]
[White "Bruhovich, Olexandr"]
[Black "Karvatskyi, Oleksii"]
[Result "1-0"]
[WhiteTitle "CM"]
[BlackTitle "CM"]
[WhiteElo "2208"]
[BlackElo "2248"]
[WhiteFideId "14119919"]
[BlackFideId "14191059"]
[EventDate "2025.05.27"]

1. e4 c5 2. c3 Nf6 3. e5 Nd5 4. Nf3 Nc6 5. Bc4 Nb6 6. Bb3 d5 7. exd6 Qxd6 8. O-O
c4 9. Bc2 Bg4 10. d4 cxd3 11. Bxd3 O-O-O 12. Be2 Qc7 13. Qb3 e5 14. Nbd2 h5 15.
Ne4 f5 16. Neg5 e4 17. Ne6 exf3 18. Nxc7 fxe2 19. Re1 Kxc7 20. Bf4+ Bd6 21.
Bxd6+ Rxd6 22. f3 Re8 23. fxg4 hxg4 24. Qf7+ Re7 25. Qxf5 Ne5 26. Rxe2 Nf3+ 27.
Kf2 Rxe2+ 28. Kxe2 Nxh2 29. Rd1 Rf6 30. Qe5+ 1-0

[Event "Titled Tue 27th May Early"]
[Site "chess.com INT"]
[Date "2025.05.27"]
[Round "2"]
[White "Papacek, Stepan"]
[Black "Guliev, Gasan"]
[Result "0-1"]
[WhiteTitle "FM"]
[BlackTitle "CM"]
[WhiteElo "2225"]
[BlackElo "2123"]
[WhiteFideId "301035"]
[BlackFideId "34165638"]
[EventDate "2025.05.27"]

1. e4 e6 2. d4 d5 3. e5 c5 4. c3 Bd7 5. Nf3 Qb6 6. Be2 Bb5 7. O-O Bxe2 8. Qxe2
Nc6 9. Be3 cxd4 10. cxd4 Nge7 11. Nc3 Nf5 12. Rad1 Rc8 13. g4 Nfe7 14. h3 h5 15.
Kg2 Ng6 16. Na4 Qd8 17. Bg5 Be7 18. Qe3 Nb4 19. Bxe7 Qxe7 20. Rc1 Nc6 21. a3 f6
22. exf6 Qxf6 23. Nc5 hxg4 0-1

[Event "Titled Tue 27th May Early"]
[Site "chess.com INT"]
[Date "2025.05.27"]
[Round "2"]
[White "Krzywda, Andrzej"]
[Black "Perry, Patrick"]
[Result "1-0"]
[WhiteTitle "CM"]
[WhiteElo "2175"]
[BlackElo "2296"]
[WhiteFideId "1114565"]
[BlackFideId "30917727"]
[EventDate "2025.05.27"]

1. e4 Nf6 2. e5 Nd5 3. d4 d6 4. c4 Nb6 5. f4 dxe5 6. fxe5 Nc6 7. Be3 Bf5 8. Nc3
e6 9. Nf3 Bb4 10. c5 Nd5 11. Bd2 Bxc3 12. bxc3 O-O 13. Be2 a5 14. O-O a4 15. Qe1
b6 16. cxb6 cxb6 17. Nh4 Nce7 18. c4 Nc7 19. Be3 Qd7 20. Rd1 Rfd8 21. Qf2 b5 22.
d5 bxc4 23. d6 Ncd5 24. dxe7 Qxe7 25. Bc5 Qg5 26. Nxf5 exf5 27. Bxc4 Nc3 28.
Rxd8+ Rxd8 29. Qxf5 Qxf5 30. Rxf5 Rc8 31. Bxf7+ Kh8 32. e6 1-0

[Event "Titled Tue 27th May Early"]
[Site "chess.com INT"]
[Date "2025.05.27"]
[Round "2"]
[White "Mohamed, Anees M"]
[Black "Dilmukhametov, Artur"]
[Result "1-0"]
[WhiteTitle "FM"]
[BlackTitle "FM"]
[WhiteElo "2414"]
[BlackElo "2276"]
[WhiteFideId "35065815"]
[BlackFideId "24179922"]
[EventDate "2025.05.27"]

1. Nf3 Nf6 2. g3 g6 3. Bg2 Bg7 4. O-O d6 5. c4 O-O 6. d4 Nbd7 7. b3 e5 8. Bb2
Re8 9. dxe5 Ng4 10. Nc3 Ngxe5 11. Nxe5 dxe5 12. Qc2 c6 13. Rad1 Qc7 14. Ne4 Nf6
15. Nd6 Rd8 16. Bxe5 Qa5 17. Qb2 Nh5 18. Bxg7 Nxg7 19. Qf6 Be6 20. Nxb7 Rxd1 21.
Nxa5 Rxf1+ 22. Kxf1 Nh5 23. Qe7 c5 24. Bxa8 1-0

[Event "Titled Tue 27th May Early"]
[Site "chess.com INT"]
[Date "2025.05.27"]
[Round "2"]
[White "King, Alexander"]
[Black "Duda, Jan-Krzysztof"]
[Result "0-1"]
[WhiteTitle "FM"]
[BlackTitle "GM"]
[WhiteElo "2263"]
[BlackElo "2739"]
[WhiteFideId "2063620"]
[BlackFideId "1170546"]
[EventDate "2025.05.27"]

1. g3 d5 2. Bg2 e5 3. d3 c6 4. Nf3 Bd6 5. O-O Nf6 6. c4 h6 7. cxd5 cxd5 8. Nc3
Nc6 9. Nd2 Be6 10. e4 Be7 11. Re1 O-O 12. exd5 Nxd5 13. Nxd5 Bxd5 14. Bxd5 Qxd5
15. Nc4 Rad8 16. Qh5 Nd4 17. Nd2 f5 18. Rb1 Bg5 19. Rd1 Bxd2 20. Bxd2 Nf3+ 21.
Kf1 Nxd2+ 0-1

[Event "Titled Tue 27th May Early"]
[Site "chess.com INT"]
[Date "2025.05.27"]
[Round "2"]
[White "Atis, Hasan"]
[Black "Jval Saurin Patel"]
[Result "0-1"]
[WhiteTitle "CM"]
[BlackTitle "FM"]
[WhiteElo "2089"]
[BlackElo "2334"]
[WhiteFideId "44598017"]
[BlackFideId "25968343"]
[EventDate "2025.05.27"]

1. e4 e6 2. Qe2 c5 3. Nf3 Nc6 4. c3 g6 5. g3 Bg7 6. Bg2 Nge7 7. O-O O-O 8. Rd1
e5 9. d3 d6 10. Nbd2 h6 11. Nc4 Be6 12. a4 Qd7 13. Ne3 f5 14. exf5 gxf5 15. Nc4
Ng6 16. a5 d5 17. Na3 e4 18. Nd2 Qf7 19. Nb5 Rad8 20. a6 b6 21. Nf1 Nce5 22. d4
f4 23. dxe5 f3 24. Bxf3 exf3 25. Qc2 Nxe5 26. Ne3 Qh5 27. Qd2 Qh3 28. Qe1 Ng4 0-1

[Event "Titled Tue 27th May Early"]
[Site "chess.com INT"]
[Date "2025.05.27"]
[Round "2"]
[White "Matskevich, Varvara"]
[Black "Tsyhanchuk, Stanislav"]
[Result "0-1"]
[WhiteTitle "WFM"]
[BlackTitle "IM"]
[WhiteElo "1988"]
[BlackElo "2273"]
[WhiteFideId "13523465"]
[BlackFideId "13505130"]
[EventDate "2025.05.27"]

1. e4 c5 2. Nf3 Nc6 3. Bb5 e6 4. O-O Nge7 5. Re1 a6 6. Bf1 d5 7. e5 Nf5 8. c3
Be7 9. d4 cxd4 10. Bd3 dxc3 11. Bxf5 exf5 12. Nxc3 Be6 13. Bf4 O-O 14. Qd2 d4
15. Ne2 Bb4 16. Qd3 Bxe1 17. Rxe1 Qa5 18. Ra1 Rfd8 19. b3 Nb4 20. Qd2 d3 21.
Ned4 Qb6 22. Be3 f4 23. Bxf4 Rxd4 24. Be3 Nc2 25. Rc1 Nxe3 26. fxe3 0-1

[Event "Titled Tue 27th May Early"]
[Site "chess.com INT"]
[Date "2025.05.27"]
[Round "2"]
[White "Klekowski, Maciej"]
[Black "Tarasov, Igor"]
[Result "1-0"]
[WhiteTitle "GM"]
[BlackTitle "FM"]
[WhiteElo "2474"]
[BlackElo "2256"]
[WhiteFideId "1132717"]
[BlackFideId "4120256"]
[EventDate "2025.05.27"]

1. c4 c5 2. Nc3 Nf6 3. g3 Nc6 4. Bg2 e5 5. d3 d6 6. Bg5 Be7 7. Nf3 O-O 8. Bxf6
Bxf6 9. Nd2 g6 10. O-O Bg7 11. a3 a5 12. Nb5 Be6 13. Ne4 d5 14. Nxc5 dxc4 15.
Nxe6 fxe6 16. dxc4 Nd4 17. e3 Nxb5 18. cxb5 Rb8 19. Qb3 Qe7 20. Rac1 b6 21. Rc6
Rfe8 22. Bh3 Kh8 23. Bxe6 e4 24. Qc4 Bxb2 25. a4 Bg7 26. Qxe4 Qb4 27. Qxb4 axb4
28. e4 Bc3 29. Rd1 Kg7 30. Rd7+ Kh6 31. f4 Red8 32. Rxd8 Rxd8 33. Bd5 Bd4+ 34.
Kg2 Bc5 35. a5 Rb8 36. a6 b3 37. Bxb3 Bd4 38. Bd5 Bc5 39. a7 1-0

[Event "Titled Tue 27th May Early"]
[Site "chess.com INT"]
[Date "2025.05.27"]
[Round "2"]
[White "Gharibyan, Mamikon"]
[Black "Luukkonen, Tommi"]
[Result "1-0"]
[WhiteTitle "GM"]
[BlackTitle "FM"]
[WhiteElo "2472"]
[BlackElo "2250"]
[WhiteFideId "13308300"]
[BlackFideId "501808"]
[EventDate "2025.05.27"]

1. d4 e6 2. Nf3 Nf6 3. c4 Bb4+ 4. Nbd2 b6 5. a3 Be7 6. e4 Bb7 7. Bd3 d6 8. Qe2
Nfd7 9. b4 e5 10. d5 a5 11. Rb1 Nf8 12. c5 axb4 13. axb4 bxc5 14. bxc5 Ba6 15.
Rxb8 Qxb8 16. Bxa6 Ng6 17. cxd6 Bxd6 18. Bb5+ Ke7 19. g3 Ra2 20. O-O h5 21. h4
Qc8 22. Ng5 Qg4 23. Qxg4 hxg4 24. Be2 Bb4 25. Rd1 Ra1 26. Bxg4 Rb8 27. Nf1 Bc3
28. Be3 Rxd1 29. Bxd1 Rb1 30. Bc5+ Kf6 31. Nh7# 1-0

[Event "Titled Tue 27th May Early"]
[Site "chess.com INT"]
[Date "2025.05.27"]
[Round "2"]
[White "Toropov, Pavel"]
[Black "Mikhailovsky, Vladimir"]
[Result "0-1"]
[WhiteTitle "FM"]
[BlackTitle "CM"]
[WhiteElo "2308"]
[BlackElo "2215"]
[WhiteFideId "24129178"]
[BlackFideId "34105414"]
[EventDate "2025.05.27"]

1. e4 c5 2. Nf3 Nc6 3. d4 cxd4 4. Nxd4 Nf6 5. Nc3 e5 6. Ndb5 d6 7. Bg5 a6 8. Na3
b5 9. Nd5 Be7 10. Bxf6 Bxf6 11. c3 Rb8 12. Nc2 Bg5 13. Be2 O-O 14. O-O Be6 15.
a4 bxa4 16. Ncb4 Nxb4 17. Nxb4 Bb3 18. Qd3 Rb6 19. Nxa6 d5 20. Nb4 d4 21. Bd1
dxc3 22. Qxd8 Rxd8 23. bxc3 Bc4 24. Nd5 Rb2 25. Bxa4 Bxf1 26. Kxf1 Kf8 27. c4
Be7 28. Nxe7 Kxe7 29. Rd1 Rxd1+ 30. Bxd1 Rb4 31. c5 Rc4 32. Bb3 Rxe4 0-1

[Event "Titled Tue 27th May Early"]
[Site "chess.com INT"]
[Date "2025.05.27"]
[Round "2"]
[White "Angulo Perez, Sebastian"]
[Black "Rabin, Evan"]
[Result "1-0"]
[WhiteTitle "CM"]
[WhiteElo "2026"]
[BlackElo "1945"]
[WhiteFideId "6544045"]
[BlackFideId "2028670"]
[EventDate "2025.05.27"]

1. e4 Nf6 2. e5 Nd5 3. d4 d6 4. c4 Nb6 5. f4 dxe5 6. fxe5 Bf5 7. Nc3 e6 8. Be3
Bb4 9. a3 Bxc3+ 10. bxc3 c5 11. dxc5 Qxd1+ 12. Rxd1 Na4 13. Rc1 Nd7 14. Nf3
Naxc5 15. Be2 O-O-O 16. O-O Bd3 17. Bxd3 Nxd3 18. Rb1 N3xe5 19. Nxe5 Nxe5 20.
Bxa7 Rd7 21. Bd4 Nxc4 22. Rb4 Rc7 23. Bxg7 Rg8 24. Bd4 e5 25. Bb6 Nxb6 26. Rxb6
Rxc3 27. Rxf7 Rc1+ 28. Rf1 Rc2 29. Rf2 Rc1+ 30. Rf1 Rc2 31. Rf2 Rc3 32. Re6 Rxa3
33. Rxe5 Ra1+ 34. Rf1 Rxf1+ 35. Kxf1 Rg7 36. h3 Kc7 37. g4 Kc6 38. Ke2 Rd7 39.
h4 b5 40. g5 Kb6 41. h5 Ka5 42. g6 hxg6 43. hxg6 Ka4 44. Rg5 Rg7 45. Kd2 b4 46.
Kc2 Ka3 47. Ra5# 1-0

[Event "Titled Tue 27th May Early"]
[Site "chess.com INT"]
[Date "2025.05.27"]
[Round "2"]
[White "Aronian, Levon"]
[Black "Horobetz, Graham"]
[Result "1-0"]
[WhiteTitle "GM"]
[WhiteElo "2747"]
[BlackElo "2250"]
[WhiteFideId "13300474"]
[BlackFideId "2047322"]
[EventDate "2025.05.27"]

1. d4 Nf6 2. Nf3 d5 3. e3 c5 4. dxc5 e6 5. b4 a5 6. c3 axb4 7. cxb4 b6 8. Bb5+
Bd7 9. Bxd7+ Nbxd7 10. a4 bxc5 11. b5 Bd6 12. Bb2 O-O 13. Nbd2 Qc7 14. O-O e5
15. e4 Nxe4 16. Nxe4 dxe4 17. Nd2 e3 18. fxe3 c4 19. Nxc4 Be7 20. Qe2 e4 21. a5
Nc5 22. b6 Qb7 23. Qg4 f6 24. Ba3 Kh8 25. Rab1 f5 26. Rxf5 Rxf5 27. Qxf5 Rf8 28.
Qe5 Rc8 29. a6 Qxa6 30. Qxe7 Qxc4 31. Bxc5 Qc2 32. Rf1 1-0

[Event "Titled Tue 27th May Early"]
[Site "chess.com INT"]
[Date "2025.05.27"]
[Round "2"]
[White "Rushbrooke, Remy"]
[Black "Przybylski, Bartosz"]
[Result "0-1"]
[BlackTitle "CM"]
[WhiteElo "2090"]
[BlackElo "2107"]
[WhiteFideId "443590"]
[BlackFideId "21878323"]
[EventDate "2025.05.27"]

1. Nf3 d6 2. d4 Nf6 3. g3 g6 4. Bg2 Bg7 5. c4 Bf5 6. Nc3 Ne4 7. Nxe4 Bxe4 8. O-O
O-O 9. b3 c5 10. Bb2 Nc6 11. e3 d5 12. cxd5 Qxd5 13. Rc1 Rfd8 14. Rxc5 Qxc5 15.
dxc5 Rxd1 16. Rxd1 Bxb2 17. Rd7 Rd8 18. Rxd8+ Nxd8 19. Nd4 Bxg2 20. Kxg2 Bxd4
21. exd4 Ne6 22. Kf3 Nxd4+ 23. Ke4 Nc6 24. a3 e6 25. b4 a6 26. f4 Kf8 27. Kd3
Ke7 28. Kc4 e5 29. fxe5 Nxe5+ 30. Kd5 Nc6 31. Kc4 Ke6 32. a4 Kd7 33. b5 axb5+
34. axb5 Ne5+ 35. Kd5 Nf3 36. h4 f5 37. Kc4 f4 38. g4 Nxh4 39. Kd4 f3 40. Ke3 g5
41. Kf2 Ke6 42. Kg3 Kd5 0-1

[Event "Titled Tue 27th May Early"]
[Site "chess.com INT"]
[Date "2025.05.27"]
[Round "2"]
[White "Azizoglu, Ferzan"]
[Black "Hnatyshyn, Anastasiia"]
[Result "1-0"]
[BlackTitle "WFM"]
[WhiteElo "2055"]
[BlackElo "2159"]
[WhiteFideId "6302726"]
[BlackFideId "14198339"]
[EventDate "2025.05.27"]

1. e4 e6 2. d4 d5 3. Nd2 c5 4. exd5 Qxd5 5. Ngf3 Nc6 6. Bc4 Qd8 7. O-O cxd4 8.
Nb3 a6 9. Nbxd4 Nxd4 10. Qxd4 Qxd4 11. Nxd4 Bc5 12. Be3 Nf6 13. h3 Bd7 14. Rfd1
Rc8 15. Bb3 Ke7 16. c3 Rhd8 17. Nc2 a5 18. a3 a4 19. Ba2 Bb5 20. Rxd8 Kxd8 21.
Rd1+ Ke7 22. Bxc5+ Rxc5 23. Ne3 Ne4 24. Rd4 Nd6 25. f3 f5 26. Kf2 Kf6 27. Rxd6
Re5 28. Bc4 Bd7 29. Rxd7 1-0